Silencio en llamas : la oración contemplativa en la vida cristiana /

Introducción a la oración contemplativa, una actividad propia de monjes y monjas, pero no exclusiva de ellos. Esta obra presenta ejercicios de meditación y de encuentro íntimo con Dios descendiendo al mismo tiempo a la realidad concreta las personas, viviendo plenamente en el aquí y el ahora. Promue...

وصف كامل

محفوظ في:
التفاصيل البيبلوغرافية
المؤلف الرئيسي: Shannon, William H. (autor)
التنسيق: كتاب
اللغة:الإسبانية
منشور في: México : Buena Prensa, 1996, c1996
الموضوعات:
الوسوم: إضافة وسم
لا توجد وسوم, كن أول من يضع وسما على هذه التسجيلة!

MARC

LEADER 00000nam^a2200000^a^4500
001 000391207
005 20250521000000.0
009 20260310121207.845
020 |a 968-6056-99-8 
037 |a Acervo Xavier Clavigero 
041 |a ESP 
082 |a 242.  |b SHA 
100 |a Shannon, William H.  |e (autor) 
245 1 0 |a Silencio en llamas :  |b la oración contemplativa en la vida cristiana /  |c W.H. Shannon. 
264 4 |a México :  |b Buena Prensa,  |c 1996, c1996 
300 |a 176 p. 
336 |a texto  |b txt  |2 rdacontenido 
337 |a sin mediación  |b n  |2 rdamedio 
338 |a volumen  |b nc  |2 rdasoporte 
500 |a Traducción de: Silence on Fire 
520 |a Introducción a la oración contemplativa, una actividad propia de monjes y monjas, pero no exclusiva de ellos. Esta obra presenta ejercicios de meditación y de encuentro íntimo con Dios descendiendo al mismo tiempo a la realidad concreta las personas, viviendo plenamente en el aquí y el ahora. Promueve la espiritualidad al estilo de Thomas Merton, monje contemplativo norteamericano. 
649 |a XX 
650 |a Meditación -  |x Tema Principal 
650 |a Oración (Religión) -  |x Tema Principal 
650 |a Espiritualidad 
650 |a Teología Práctica 
650 |a Catolicismo 
650 |a Cristianismo 
650 |a Religión 
650 |a Merton, Thomas 
910 |a Fondo General 
920 |a Impresos - Libros 
930 |a Colección General 
905 |a 101 
901 |a 0500286047  |b IT1  |c ACC  |i FXC D2620  |u 20250521 
902 |a https://opac.biblio.iteso.mx/vufind/Record/000391207